[Event "Speed Chess Championship 2020"]
[Site "Online"]
[Date "2020.11.08"]
[Round "1.3"]
[White "So, Wesley"]
[Black "Abdusattorov, Nodirbek"]
[Result "1-0"]
[WhiteElo "2816"]
[BlackElo "2662"]
[Annotator "TA"]
[PlyCount "169"]
[EventDate "2020.10.31"]
[EventType "k.o."]
[SourceTitle "playchess.com"]
[Source "ChessBase"]
[SourceQuality "1"]

{[%evp 13,169,35,50,25,36,28,31,-11,-8,0,0,-45,-52,-47,-51,-105,-65,-102,-33,-41,-55,-49,14,8,15,1,7,17,27,0,0,0,64,68,54,58,68,32,237,233,243,127,239,246,244,247,245,237,260,246,245,258,260,245,239,210,189,203,212,197,202,217,207,156,206,194,388,378,393,383,361,345,319,244,327,324,324,317,483,483,479,472,472,158,158,75,67,0,0,0,75,75,75,75,458,458,458,465,458,448,382,75,458,0,271,342,339,339,379,194,238,216,402,375,295,287,1789,1628,12840,12841,12841,12841,12842,12842,12843,12842,12842,12843,12843,12843,12846,12845,12847,12844,12844,0,12847,12845,12847,12846,12847,12847,12847,12846,12846,12847,12848,12848,12848,12847,12848,12847,12848,12847,12847,12847,12848,12847]} 1. e4 c6 2. d4 d5 3. e5 Bf5 4. Nf3 e6 5. Be2 c5 6. Be3 Qb6 7. Nc3 Nc6 {[%cal Bb8c6,Bc6b4,Bb4c2][%mdl 32]} 8. Na4 {B12: Caro-Kann: Advance Variation.} (8. O-O $5 {[%cal Rd4c5]}) 8... Qa5+ 9. c3 {[%cal Rd4c5]} c4 {is more profitable than 9...cxd4 at the moment. Played by Pentala Harikrishna in September 2020.} 10. b4 {White is slightly better.} Bxb4 11. cxb4 Nxb4 {[#]} 12. Nc3 $5 $146 {[%mdl 8] New and interesting.} ({Predecessor:} 12. Nc5 Nc2+ 13. Kf1 Nxa1 14. Qxa1 Qc7 15. g4 Bxg4 16. Rg1 h5 17. Nh4 b6 18. Na4 {0-1 (45) Lagarde,M (2604)-Riazantsev,A (2662) Brest 2018}) 12... Nc2+ {[%mdl 64] Double Attack} 13. Kd2 Nxa1 14. Qxa1 (14. Nh4 $15) 14... Ne7 15. Nh4 h6 ({Better is} 15... b5 $17 {Threatens to win with ...b4.} 16. a3 O-O) 16. Nxf5 $15 Nxf5 ({Much weaker is} 16... exf5 $6 17. Rb1 $16) 17. Rb1 O-O (17... Rb8 $15) 18. Rxb7 $11 Rab8 19. Qb2 Rxb7 20. Qxb7 Qa3 21. Bd1 a5 22. Bc2 {Hoping for Bxf5.} Nxe3 (22... Nh4 $11) 23. fxe3 $14 Qb4 24. Qc6 Rb8 25. Qc7 Qb6 $2 (25... Rf8 $14) 26. Qxb6 $18 Rxb6 27. Na4 (27. e4 $18) 27... Rb5 (27... Rb8 $16) 28. e4 dxe4 29. Bxe4 Rb4 30. Bc2 $1 f6 31. exf6 gxf6 32. Kc3 Kf7 33. a3 Rb5 34. Nc5 ({Don't play} 34. Kxc4 $6 Rh5 $16) 34... Ke7 35. Kxc4 Rb2 36. Kc3 Ra2 37. a4 Ra1 38. Be4 f5 39. Bf3 Kd6 $2 (39... Rc1+ 40. Kd2 Rb1) 40. Kb2 Rh1 41. Nb7+ Kc7 42. Nxa5 Rxh2 43. Kc3 h5 44. Nc4 h4 45. a5 h3 (45... Rh1 $142 46. Kb3 h3) 46. gxh3 $1 Rxh3 47. Ne5 Rh2 48. Kb4 $2 (48. a6 $18 {aiming for a7.} Ra2 49. Bb7) 48... Rb2+ $16 49. Kc5 (49. Ka3 $142 $1 {[%cal Ra3b2]} Rb5 50. Nc4) 49... Rc2+ 50. Kb5 (50. Nc4 $1 $14) 50... Rb2+ $1 $11 51. Kc5 (51. Ka6 $11) 51... Rc2+ $1 $16 52. Nc4 $1 Rc3 53. Be2 f4 $2 {[%mdl 8192]} (53... Rc2 $16 {is tougher.} 54. Bh5 Rc3) 54. Kb4 $1 $18 {[%cal Rb4c3]} Rc2 55. Bf3 Rf2 56. Ne5 Rb2+ 57. Kc4 $2 (57. Ka3 $18 {has better winning chances.} Rb5 58. Ka4) 57... Rc2+ $2 {[%mdl 8192]} (57... Ra2 $16) 58. Kb4 (58. Kb3 $142 Rc1 59. Kb2) 58... Rb2+ $1 59. Kc3 Ra2 {[#]} 60. Nc4 $1 Rf2 61. Be4 (61. Nd2 $142) 61... Re2 {[#]} 62. Kd3 $1 {[%cal Rd3e2]} Ra2 $2 (62... Re1 63. Bf3 Rc1) 63. Bf3 Ra4 64. Bg4 Kb7 $2 (64... Ra1 65. Ke4 (65. Bxe6 f3 $16) 65... Kc6 66. Kxf4 Kd5) 65. Bxe6 f3 66. Bd5+ Ka6 67. Bxf3 Rb4 68. Kc3 Ra4 69. Bd1 Ra1 70. Bc2 Rc1 71. d5 Kb5 72. d6 {Intending d7 and mate.} Kc6 73. Kd2 Ra1 74. Kc3 Rc1 75. Kb3 {White is clearly winning.} Ra1 76. Be4+ Kd7 77. Kb4 Re1 78. Bd5 Rd1 79. Kc5 Ra1 80. Bc6+ Ke6 81. Bb5 Rb1 82. a6 {[%cal Ba5a6,Ba6a7][%mdl 32]} Ra1 83. Kb6 Rb1 84. a7 Ra1 85. Bc6 {Av CentiPawn Loss W=-23/B=-69. Weighted=-21/-77} 1-0

[Event "Speed Chess Championship 2020"]
[Site "Online"]
[Date "2020.11.11"]
[Round "1.3"]
[White "Nepomniachtchi, Ian"]
[Black "Aronian, Levon"]
[Result "0-1"]
[WhiteElo "2784"]
[BlackElo "2781"]
[Annotator "TA"]
[PlyCount "112"]
[EventDate "2020.10.31"]
[EventType "k.o."]
[SourceTitle "playchess.com"]
[Source "ChessBase"]
[SourceQuality "1"]

{[%evp 14,112,16,0,22,3,36,0,3,11,20,0,0,0,13,0,0,0,0,0,7,0,0,-16,0,0,0,-13,-2,0,0,-16,0,0,11,12,16,15,6,12,4,0,0,-41,-40,-107,-107,-530,-547,-539,-537,-696,-669,-704,-704,-692,-680,-712,-541,-532,-531,-526,-515,-502,-479,-465,-420,-682,-647,-910,-910,-1329,-1318,-1264,-1219,-1112,-743,-639,-563,-827,-512,-503,-494,-450,-383,-514,-528,-1197,-1172,-1229,-1282,-923,-297,-29966,-29964,-11276,-6207,-29982,-29983,-29987,-29943]} 1. b3 Nf6 2. Bb2 g6 3. e4 d6 4. g3 Bg7 5. Bg2 c5 6. Ne2 Nc6 7. O-O O-O 8. d4 cxd4 {A01: Nimzowitsch-Larsen Opening.} 9. Nxd4 Bg4 10. Ne2 Qc8 {The position is equal.} 11. c4 Bh3 {[#]} 12. Nd2 $146 ({Predecessor:} 12. f3 Bxg2 13. Kxg2 a6 14. Nbc3 b5 15. cxb5 axb5 16. Qd3 Rb8 17. Nf4 Qb7 18. Rf2 {1-0 (43) Drazic,S (2430)-Drogovoz,I (2073) Novi Sad 2014}) 12... Bxg2 13. Kxg2 Rd8 14. Rb1 a6 15. Nf4 e6 16. Qe2 b6 17. Rbc1 Qb7 18. f3 b5 19. Rfd1 Rac8 20. Nd3 Nd7 21. Bxg7 Kxg7 22. Qe3 Nde5 23. Nf2 Qa7 24. Nf1 bxc4 25. f4 {[#]} Nd3 $1 {[%mdl 512] Threatens to win with ...Qxe3.} 26. Nxd3 cxd3 27. Rxd3 Qb7 28. Nd2 d5 {Strongly threatening ...Nb4.} 29. Nf3 {[#]} (29. a3 $15) 29... dxe4 $1 $17 30. Qxe4 $2 {[%mdl 8192] White does not recover from this.} (30. Rxd8 $17 {was the crucial defense.} exf3+ 31. Qxf3 Rxd8 32. Qxc6 Qxc6+ 33. Rxc6) 30... Rxd3 $19 31. Qxd3 {[#]} Ne5 $1 {[%cal Re5d3][%mdl 576] Pin, Discovered Attack} 32. Qe3 (32. fxe5 Rxc1) 32... Rxc1 33. Qxe5+ {[%mdl 4096] Endgame KQR-KQN} f6 34. Qe3 Rc2+ {[%mdl 64] Double Attack} 35. Kh3 Qd5 36. g4 h6 37. Qa7+ {[#]} Kf8 $1 38. Qb8+ {[#]} Ke7 $1 39. Qa7+ {[#]} Kd8 $1 40. Qe3 (40. Kg3 $142 Qc5 41. Qxc5 Rxc5 42. h4) 40... g5 41. fxg5 hxg5 42. Kg3 Qd6+ 43. Kh3 Qc6 44. Kg3 Qc7+ 45. Kh3 Qc3 46. Qe4 Rf2 47. Kg3 Rxa2 48. Qxe6 a5 ({Not} 48... Rd2 49. Qxa6 Rd3 50. Qb6+ Ke7 51. Qa7+ Kf8 52. Qa8+ Ke7 53. Qa7+ Ke6 54. Qb6+ Ke7 55. Qb7+ Kf8 56. Qb8+ Kg7 57. Qb7+ Kh6 58. Qe7 $19) 49. Qg8+ Kc7 50. Qh7+ Kb6 {( -> ...Qe3!)} 51. Qg8 Qc7+ 52. Kh3 Qd6 $2 (52... Rc2 53. Qd5 Qc6 54. Qd8+ Kb7 55. Qe7+ Ka6) 53. Qc8 $2 (53. b4 $19 Ra3 54. bxa5+ Kxa5 55. Qa8+ Kb6 56. Qe4) 53... Rf2 54. Qa8 {[#]} Qc6 $1 55. Qb8+ Ka6 56. Ne1 Rf3+ {Weighted Error Value: White=0.85/Black=0.31} 0-1

[Event "Speed Chess Championship 2020"]
[Site "Online"]
[Date "2020.12.08"]
[Round "1.3"]
[White "Vachier-Lagrave, Maxime"]
[Black "Nihal Sarin"]
[Result "1-0"]
[WhiteElo "2784"]
[BlackElo "2620"]
[Annotator "TA"]
[PlyCount "97"]
[EventDate "2020.10.31"]
[EventType "k.o."]

{[%evp 16,97,8,0,9,9,20,17,15,14,20,16,28,16,19,16,15,0,0,0,0,0,0,0,8,4,31,20,41,42,50,47,96,85,184,176,218,79,150,61,58,51,69,65,73,69,65,71,97,101,77,85,143,118,223,222,227,41,29,26,19,0,205,223,247,240,2456,0,86,70,301,209,193,192,121,146,29970,29971,29971,29971,29979,29980,29980,29981]} 1. e4 e5 2. Nf3 Nc6 3. Bb5 a6 4. Ba4 Nf6 5. O-O Be7 6. d3 b5 7. Bb3 d6 8. a3 O-O 9. Nc3 Na5 {now scores much better than the old 9...Bg4. C77: Ruy Lopez: 3...a6 4 Ba4 Nf6, unusual lines.} 10. Ba2 Be6 11. b4 Bxa2 {The position is equal.} 12. Rxa2 Nc6 13. Bg5 Ng4 14. Bd2 Nf6 15. Re1 Qd7 16. Nd5 Nxd5 17. exd5 Na7 18. a4 c6 19. dxc6 Nxc6 20. c4 {[#]} Rab8 $146 ({Predecessor:} 20... d5 21. axb5 axb5 22. Rxa8 Rxa8 23. cxb5 Nxb4 24. Nxe5 Qxb5 25. Qg4 Nc2 26. Nxf7 Nxe1 {1-0 (57) Vachier Lagrave,M (2784)-Nihal,S (2620) Chess.com INT 2020}) 21. cxb5 axb5 22. a5 Rfc8 23. Qb3 Kf8 24. Rc2 Qb7 (24... Bf6 $16) 25. Rec1 {Strongly threatening Qd5.} Nd8 {[#]} 26. Be3 (26. Rxc8 $1 $18 {and the rest is easy.} Rxc8 27. Rxc8 Qxc8 28. Qd5) 26... Ne6 (26... Rxc2 $142 27. Qxc2 (27. Rxc2 Ra8 $14) 27... Ra8) 27. Qa2 (27. Rxc8+ $16 Rxc8 28. Rxc8+ Qxc8 29. Qd5) 27... Rxc2 $14 28. Rxc2 Ra8 29. h3 h6 30. Qb3 Nc7 31. Nd2 Na6 32. Ne4 f5 33. Nc3 Rc8 (33... Qd7 $142) 34. Bb6 d5 (34... Bd8 $16 {was called for.}) 35. Nxb5 $18 Nxb4 36. Rc7 $2 ({White should play} 36. Rxc8+ $18 Qxc8 37. Nc7) 36... Rxc7 $14 37. Nxc7 {And now Ne6+ would win.} Qc6 38. Qb1 Bd6 $2 (38... Kf7 $11 {and Black is okay.}) 39. d4 $18 e4 40. Ne6+ Kf7 $2 (40... Kg8 41. Bc5 Na6) 41. Nc5 $2 (41. Nd8+ $18 Ke7 42. Nxc6+ Nxc6 43. Qb5 Nxa5 44. Bxa5) 41... Bxc5 (41... Qb5 $11 {keeps the balance.}) 42. Bxc5 $16 Nd3 $2 (42... Na6 $1 $14) 43. Qa2 {aiming for a6.} Nxc5 44. dxc5 Qxc5 $18 {KQ-KQ} 45. a6 {[%cal Ba5a6,Ba6a7][%mdl 32] Black must now prevent a7.} Qc6 $2 {[%mdl 8192] [#]} (45... e3 $16) 46. a7 {White mates.} Qa8 47. Qa5 Kg8 48. Qc7 Kh7 49. Qb8 {Weighted Error Value: White=0.36/Black=0.47} 1-0

[Event "Speed Chess Championship 2020"]
[Site "Online"]
[Date "2020.11.04"]
[Round "1.3"]
[White "Firouzja, Alireza"]
[Black "Fedoseev, Vladimir"]
[Result "1/2-1/2"]
[WhiteElo "2749"]
[BlackElo "2676"]
[Annotator "TA"]
[PlyCount "104"]
[EventDate "2020.10.31"]
[EventType "k.o."]
[SourceTitle "playchess.com"]
[Source "ChessBase"]
[SourceQuality "1"]

{[%evp 23,104,31,36,0,0,0,0,0,0,0,-17,-50,-34,-36,-25,-25,0,-3,0,0,0,0,0,0,0,-18,-12,-14,-13,0,-15,-27,-33,-56,-58,-63,0,0,0,0,0,-21,-29,-23,-27,-23,-7,-7,0,0,0,0,0,0,0,0,60,-60,-60,-56,-56,-58,0,0,0,0,0,0,0,0,0,0,0,0,0,-8,0,0,0,-5,0,0,0]} 1. e4 e5 2. Nf3 Nc6 3. Bb5 a6 4. Ba4 Nf6 5. O-O Nxe4 6. d4 b5 7. Bb3 d5 8. dxe5 Be6 9. c3 Be7 10. Nbd2 O-O 11. Bc2 f5 12. exf6 Nxf6 13. a4 {Recently 13.Re1 got a lot of attention. C83: Open Ruy Lopez: 9 c3 Be7.} b4 14. Re1 Bg4 15. h3 Bh5 {[#]} 16. Bf5 $146 ({Predecessor:} 16. Nf1 Ne4 17. Bxe4 dxe4 18. Qxd8 Raxd8 19. Ng5 bxc3 20. bxc3 Bxg5 21. Bxg5 Rd5 22. Bh4 {½-½ (60) Khanin,S (2507)-Sargsyan,S (2580) New Delhi 2019}) 16... Bd6 17. Qc2 Re8 18. g4 Rxe1+ 19. Nxe1 Qe8 20. Ndf3 $132 {[%mdl 2048] White is fighting back} Bg6 21. Bxg6 hxg6 22. Be3 bxc3 23. bxc3 Na5 24. Rd1 Nc4 25. Bg5 c6 {[#] Strongly threatening ...Ne4.} 26. Bxf6 gxf6 27. Nd4 c5 28. Ndf3 Qe4 $1 29. Qd3 Rb8 (29... Qxd3 $15 30. Nxd3 Nb6) 30. Qxd5+ $11 Qxd5 31. Rxd5 Kf7 32. Nd2 Ke6 33. Rd3 Nxd2 34. Rxd2 {[%mdl 4096] Endgame KRB-KRN} Rb1 35. Re2+ Kd5 36. Kg2 Ra1 37. Nc2 Rxa4 38. Ne3+ Kc6 39. h4 Be5 ({Better is} 39... Bf4 $11) 40. h5 ({White should try} 40. c4 $1 $14) 40... gxh5 $15 41. gxh5 {Black should prevent c4.} Rh4 42. Ra2 Rxh5 (42... Bxc3 $15 43. Rxa6+ Kb5) 43. Rxa6+ $11 {The position is equal.} Kb5 44. Ra3 c4 45. Ra8 Rh2+ 46. Kf3 Rh4 47. Ke2 Bxc3 48. Rb8+ Ka4 49. Ra8+ Kb3 {White must now prevent ...Be5.} 50. Rb8+ Ka4 51. Ra8+ Kb5 52. Rb8+ Ka4 {Av CentiPawn Loss W=-7/B=-5. Weighted=-7/-5} 1/2-1/2

[Event "Speed Chess Championship 2020"]
[Site "Online"]
[Date "2020.11.15"]
[Round "1.3"]
[White "Duda, Jan-Krzysztof"]
[Black "Caruana, Fabiano"]
[Result "0-1"]
[WhiteElo "2743"]
[BlackElo "2823"]
[Annotator "TA"]
[PlyCount "80"]
[EventDate "2020.10.31"]
[EventType "k.o."]
[EventCountry "NET"]
[SourceTitle "playchess.com"]
[Source "ChessBase"]
[SourceQuality "1"]

{[%evp 16,80,16,0,6,0,12,0,18,-19,0,0,5,-27,14,-14,-32,-16,-5,-12,-9,-72,-34,-16,-5,-68,-101,-87,-76,-97,-110,-120,-80,-186,-126,-95,-114,-212,-195,-285,-302,-264,-233,-337,-292,-387,-387,-362,-382,-380,-380,-969,-931,-966,-960,-943,-906,-1027,-195,-445,-445,-29968,-29968,-29973,-29974,-29969,-29971]} 1. e4 e6 2. d4 d5 3. Nc3 Nf6 4. e5 Nfd7 5. f4 c5 6. Nf3 Nc6 7. Be3 Be7 8. Qd2 a6 9. Be2 b5 {C11: French: Classical System: 4 e5 and 4 Bg5 dxe4.} 10. O-O O-O 11. Kh1 b4 {The position is equal.} 12. Nd1 a5 13. c4 {[#]} dxc4 $146 ({Predecessor:} 13... cxd4 14. Nxd4 Nxd4 15. Bxd4 dxc4 16. Bf3 Ra6 17. Ne3 Nb6 18. Rac1 Qd7 19. Rfd1 Nd5 20. Nxc4 {0-1 (48) Gretarsson,S-Maack,K (2131) Reykjavik 2014}) 14. Bxc4 Bb7 15. d5 exd5 16. Bxd5 Nb6 17. Be4 Qxd2 18. Bxd2 (18. Nxd2 $11 a4 19. Rc1) 18... Rfd8 (18... f5 $5 {[%cal Rf5e4]} 19. exf6 Bxf6 $15) 19. Rc1 Rac8 20. Ne3 (20. Re1 $11) 20... Ba6 $15 21. Rfe1 g6 22. Ng4 Nc4 23. Rc2 Nd4 24. Nxd4 (24. Bc1 $17) 24... Rxd4 (24... cxd4 $19 25. b3 Nxd2 26. Rxd2 d3) 25. Bc1 $17 Rcd8 $36 {[%mdl 2048] ...Rxe4! is the strong threat. White is under strong pressure.} 26. Nf2 (26. Bf3 $17) 26... Nd2 $19 27. Bxd2 (27. Bd3 $142 Bxd3 28. Rxd2) 27... Rxd2 28. Rec1 c4 29. Bf3 (29. Rxd2 $142 Rxd2 30. Rc2) 29... a4 ({Less strong is} 29... c3 30. bxc3 bxc3 31. Rxd2 $17) 30. Ne4 Rxc2 31. Rxc2 b3 32. axb3 cxb3 33. Rc6 $2 (33. Rd2 Rxd2 34. Nxd2) 33... Bb7 34. Rc1 Bxe4 35. Bxe4 {[%mdl 4096] Endgame KRB-KRB} Rd4 (35... a3 $2 36. bxa3 Rd4 37. Bb1 $19) 36. Bc6 Rxf4 $2 (36... a3 37. h3 a2) 37. Ra1 $2 {[#]} (37. g3 Rd4 38. Rb1) 37... a3 $1 {[%mdl 512]} 38. bxa3 (38. Bd5 $19) 38... b2 {[%cal Rb2a1] Black mates.} 39. Rg1 Rc4 40. Bb5 {[#]} Rc1 $1 {[%mdl 512] Weighted Error Value: White=0.65/Black=0.27} 0-1

[Event "Speed Chess Championship 2020"]
[Site "Online"]
[Date "2020.11.12"]
[Round "1.3"]
[White "Nakamura, Hikaru"]
[Black "Martirosyan, Haik M."]
[Result "1-0"]
[WhiteElo "2736"]
[BlackElo "2622"]
[Annotator "TA"]
[PlyCount "105"]
[EventDate "2020.10.31"]
[EventType "k.o."]
[SourceTitle "playchess.com"]
[Source "ChessBase"]
[SourceQuality "1"]

{[%evp 19,105,13,10,8,14,16,20,0,51,19,56,50,51,51,73,31,58,51,48,0,0,-41,8,9,41,35,108,24,69,68,63,-72,-86,-84,34,38,42,32,32,35,117,119,134,138,137,110,117,130,118,90,93,95,160,0,172,51,51,-52,252,138,308,307,312,312,312,310,310,310,323,316,310,299,318,318,296,0,310,309,347,345,649,633,637,636,733,719,666,613]} 1. Nf3 Nf6 2. d4 e6 3. c4 b6 4. g3 Ba6 5. b3 Bb4+ 6. Bd2 Be7 7. Nc3 d5 8. cxd5 exd5 9. Bg2 O-O 10. O-O Re8 {10...Nbd7 is a critical line.} 11. Rc1 {E15: Queen's Indian: 4 g3 sidelines, 4 g3 Ba6 and 4 g3 Bb7 early deviations.} Nbd7 12. Ne5 Bb7 13. Bg5 {The position is equal.} Nf8 ({Black should play} 13... c6 $11) 14. e3 Ne6 15. Bxf6 Bxf6 16. b4 $1 {[#]} c6 $146 ({Predecessor:} 16... a6 17. Nd3 c6 18. Qb3 Qd6 19. Na4 Qd8 20. Rfe1 Rb8 21. a3 Ba8 22. h4 g6 {1-0 (47) Moskalenko,A (2514)-Swiercz,D (2649) Minsk 2017}) 17. Qb3 Qd6 18. Nd3 Red8 19. Rc2 a5 20. a3 axb4 (20... Bxd4 $5 21. exd4 Nxd4 $11 {[%mdl 64] Double Attack}) 21. axb4 Nc7 22. Rfc1 Ba6 {[#]} (22... Ne6 $14) 23. Nb2 (23. Nxd5 $1 $16 {[%mdl 512]} Nxd5 (23... cxd5 24. Rxc7) 24. Rxc6) 23... Be7 24. Nca4 Bb5 25. Nxb6 (25. Bf1 $1 $14 {stays ahead.}) 25... Ra6 $17 26. N6a4 Qxb4 (26... Rda8 $1 $17 {[%cal Ra6a4]} 27. Qc3 Bxa4 28. Nxa4 Rxa4 29. Qxc6 R4a7 30. Qxd6 Bxd6) 27. Qxb4 $14 Bxb4 28. Nc3 Bxc3 29. Rxc3 Rda8 {[#]} (29... Rb8 $14) 30. Bf1 $1 $16 Ne8 31. Bxb5 cxb5 32. Rc5 b4 33. Rxd5 Rb8 34. Nd3 {Hoping for Nxb4!} b3 35. Rb1 Rab6 (35... Ra2 $142) 36. Nc5 $2 (36. Rc5 $16) 36... Rb5 $2 (36... b2 $1 $11 37. Nd7 Ra6 38. Nxb8 Ra1) 37. Rd7 ({Better is} 37. Rb2 $18) 37... b2 $14 38. Nd3 ({White should try} 38. Ra7 $14) 38... Nf6 $2 {[%mdl 8192] [#]} (38... Rb3 $15 39. Rxb2 Rxb2 40. Nxb2 Rxb2) 39. Ra7 (39. Rc7 $1 $18) 39... h5 $2 (39... Ne4 $16 {was worth a try.}) 40. Ra2 $18 Ne4 41. Raxb2 ({Don't play} 41. Rbxb2 Rxb2 42. Rxb2 Rxb2 $18) 41... Rxb2 42. Rxb2 {[%mdl 4096] Endgame KRN-KRN} Rc8 43. Kg2 Rc3 44. Nf4 g6 45. h4 Kg7 46. Nd5 Ra3 47. Nf4 Rc3 $1 48. Nh3 Kh6 49. Rb7 Kg7 $2 (49... f5 50. Rb2 Ra3) 50. Ng5 {White is clearly winning.} Nxg5 51. hxg5 Ra3 52. d5 Ra4 53. Kf3 {Weighted Error Value: White=0.36/Black=0.49} 1-0

[Event "Speed Chess Championship 2020"]
[Site "Online"]
[Date "2020.11.16"]
[Round "1.3"]
[White "Artemiev, Vladislav"]
[Black "Giri, Anish"]
[Result "0-1"]
[WhiteElo "2708"]
[BlackElo "2764"]
[Annotator "TA"]
[PlyCount "112"]
[EventDate "2020.10.31"]
[EventType "k.o."]
[EventCountry "NET"]
[SourceTitle "playchess.com"]
[Source "ChessBase"]
[SourceQuality "1"]

{[%evp 25,112,19,43,43,43,43,44,20,54,32,43,13,33,40,27,20,74,90,163,170,177,140,190,194,189,187,172,172,167,149,228,221,208,215,233,191,275,267,322,328,547,547,512,533,627,175,168,135,160,37,46,-413,-403,-641,-638,-633,-629,-583,-565,-954,-973,-1377,-1416,-1165,-635,-1459,-1419,-1429,-1298,-1217,-754,-702,0,-882,-635,-736,-713,-5895,-5349,-5923,-4922,-29986,-29987,-29987,-29975,-29983,-29984,-29987,-29986]} 1. e4 c5 2. Nc3 Nc6 3. g3 g6 4. Bg2 Bg7 5. d3 d6 6. Be3 e6 7. Qd2 Rb8 8. Nge2 Nd4 9. O-O b5 10. Nd1 {[%cal Bc3d1,Bd1e3,Be3c4,Bc4a5,Ba5b3][%mdl 32]} Nxe2+ 11. Qxe2 Ne7 12. Qd2 O-O 13. Bh6 b4 $5 {[%mdl 4] An interesting side line.} 14. Bxg7 {B26: Closed Sicilian: 3 g3, lines with early Be3.} Kxg7 15. Ne3 a5 {[#]} 16. f4 $146 {White is slightly better.} ({Predecessor:} 16. d4 Ba6 17. Rfd1 c4 18. d5 e5 19. Qe2 f5 20. Nxc4 Rc8 21. b3 fxe4 22. Qxe4 Bxc4 23. bxc4 {0-1 (46) Vujanovic,B-Kosanovic,G (2410) Belgrade 1989}) 16... f5 17. Rae1 Bb7 18. exf5 exf5 19. Nc4 Bxg2 20. Qxg2 {Black should prevent Re6.} d5 {[#]} (20... Qd7 $1 $11 {keeps the balance.}) 21. Nxa5 $1 $16 {[%mdl 512]} Ra8 {[#]} (21... c4 $16 {is a better defense.}) (21... Qxa5 22. Rxe7+) 22. Nb3 $1 $18 Qd6 23. d4 c4 24. Nc5 Rf6 {[#]} 25. Re5 $1 Rxa2 26. Rfe1 Ra7 27. h3 c3 (27... h6 $16 28. g4 Rf7) 28. bxc3 bxc3 29. Kh2 h6 30. R1e3 Kf7 (30... Rf7 $142 31. Rxc3 Kh7) 31. Rxc3 Qb6 32. Rce3 Qc6 $2 (32... Rd6 {was necessary.} 33. Qe2 Qd8) 33. Qe2 {[%cal Re5e7]} Ng8 34. Re8 Kg7 35. R3e6 $2 (35. Rb8 {Intending Ree8 and mate.} Kh7 36. Ree8) 35... Rxe6 36. Nxe6+ Kh7 37. Nf8+ (37. Nc5 $16) 37... Kg7 $1 $14 {[%cal Rg7f7] ...Kf7 is the strong threat.} 38. Qe5+ $2 {[%mdl 8192]} (38. Re6 $14 {keeps the upper hand.} Qc4 39. Qxc4 (39. Rxg6+ Kxf8 40. Qxc4 dxc4 $17) 39... dxc4 40. Nxg6) 38... Kf7 $19 {Threatens to win with ...Ne7.} 39. Nxg6 (39. Qe6+ $142 Qxe6 40. Rxe6) 39... Qxc2+ 40. Qe2 Qxe2+ 41. Rxe2 Kxg6 {[%mdl 4096] Endgame KRN-KR} 42. g4 Nf6 43. Kg3 Ra3+ 44. Kh4 Rd3 45. Re6 Rxd4 46. Kg3 Kf7 {( -> ...Rd3+)} 47. Ra6 Ne4+ 48. Kh4 Nf6 49. Kg3 Re4 50. Ra7+ Re7 51. Ra6 d4 52. g5 Ne4+ 53. Kh4 hxg5+ {Black mates.} 54. fxg5 Re6 55. Ra7+ Kg6 56. Rd7 Rd6 {Quite a comeback for Black.  Weighted Error Value: White=1.02/Black=0.47} 0-1